Nghiên cứu sản xuất kháng huyết thanh ho gà đơn giá đặc hiệu /

Đã lưu trong:
Sonraí Bibleagrafaíochta
Príomhúdar: Nguyễn Thị Ho
Údair Eile: Đào Xuân Vinh (hướng dẫn)
Formáid: Luận văn
Teanga:Vietnamese
Foilsithe: Đà Lạt : Trường Đại học Đà Lạt, 2003
Ábhair:
Clibeanna: Cuir Clib Leis
Gan Chlibeanna, Bí ar an gcéad duine leis an taifead seo a chlibeáil!
Thư viện lưu trữ: Thư viện Trường Đại học Đà Lạt
LEADER 01030nam a2200361 4500
001 DLU040028015
040 # # |a DLU  |b vie 
041 # # |a vie 
044 # # |a vn 
082 # # |a 570  |b NG-H 
100 # # |a Nguyễn Thị Hoà 
245 # # |a Nghiên cứu sản xuất kháng huyết thanh ho gà đơn giá đặc hiệu /  |c Nguyễn Thị Hoà 
260 # # |a Đà Lạt :  |b Trường Đại học Đà Lạt,  |c 2003 
300 # # |a 77 tr. ;  |c 30 cm 
504 # # |a Tài liệu tham khảo : tr. 65 - 72 
653 # # |a Bệnh ho gà 
653 # # |a Kháng huyết thanh 
653 # # |a Miễn dịch 
653 # # |a Vắcxin 
653 # # |a Vi khuẩn 
700 # # |a Đào Xuân Vinh  |e hướng dẫn 
901 # # |a /libol50/attach/doc/doc20070618WGHI.pdf 
915 # # |a Sinh học,  |c Thạc sĩ.  |d Trường Đại học Đà Lạt 
992 # # |a 0 
994 # # |a DLU 
900 # # |a True 
911 # # |a Thái Thị Thanh Thủy 
925 # # |a G 
926 # # |a A 
927 # # |a LA 
980 # # |a Thư viện Trường Đại học Đà Lạt